| 000 | 00538cab a2200205 4500 | ||
|---|---|---|---|
| 001 | ABS58228 | ||
| 008 | 090401t1998 xxu||||| |||| 00| 0 eng d | ||
| 035 | _a(Sirsi) u83077 | ||
| 041 | _aeng | ||
| 245 | _aFarm incomes fall to a damaging low | ||
| 260 | _c1998 | ||
| 350 | _a0 | ||
| 490 |
_aNFU Magazine _vWinter 1998, 6-8(3) |
||
| 520 | _aReports on farm incomes and considers how each sector fared in 1997. Chart. | ||
| 650 | _aFARM INCOMES | ||
| 650 | _aNFU | ||
| 690 | _aRURAL PRACTICE | ||
| 942 | _n0 | ||
| 948 | _c13/01/1998 | ||
| 999 |
_c52480 _d52480 |
||